000 004390000a22001690004500
003 MACL
005 20160120115511.0
008 160120b xxu||||| |||| 00| 0 eng d
040 _aMACL
_cMACL
041 _aEnglish
082 _a005.43/SIC
100 _aGalvin, peter bear
_933441
245 _aOperating System Concepts
260 _bJohn Wiley & Sons
_c2002
_aDelhi
650 _aComputer probraming
_933182
942 _cBK
_k005/Sei
_2ddc
999 _c33586
_d33586